LIBRARY & INFORMATION CENTRE, KCAET, TAVANUR

ONLINE PUBLIC ACCESS CATALOGUE (OPAC)

Studies on microwave steam distillation process for extraction of lemongrass essential oil (Record no. 14875)

MARC details
000 -LEADER
fixed length control field 00728nam a22001817a 4500
003 - CONTROL NUMBER IDENTIFIER
control field OSt
088 ## - REPORT NUMBER
Report number T 397
100 ## - MAIN ENTRY--AUTHOR NAME
Personal name CLAUDIA K.L
245 ## - TITLE STATEMENT
Title Studies on microwave steam distillation process for extraction of lemongrass essential oil
260 ## - PUBLICATION, DISTRIBUTION, ETC. (IMPRINT)
Place of publication Tavanur 2017
Name of publisher DEPARTMENT OF FOOD AND AGRICULTURAL PROCESS ENGINEERING
300 ## - PHYSICAL DESCRIPTION
Number of Pages 115
500 ## - GENERAL NOTE
General note Studies on microwave steam distillation process for extraction of lemongrass essential oil
520 ## - SUMMARY, ETC.
Summary, etc Studies on microwave steam distillation process for extraction of lemongrass essential oil
700 ## - ADDED ENTRY--PERSONAL NAME
Personal name Dr. Prince M.V (Guide)
856 ## - ELECTRONIC LOCATION AND ACCESS
Uniform Resource Identifier https://drive.google.com/open?id=1e1i-jxvf63i27yWuwXq7E_WMWb_rDcN3
942 ## - ADDED ENTRY ELEMENTS (KOHA)
Koha item type Theses
Holdings
Collection code Home library Current library Shelving location Full call number Accession Number Koha item type Public note
Reference KAUAET KAUAET Reference 664 CLA/ST T 397 Theses M.Tech Thesis
free website counter